Museos y escuelas: socios para educar
Furkejuvvon:
| Váldodahkki: | |
|---|---|
| Materiálatiipa: | Girji |
| Giella: | espánnjágiella |
| Almmustuhtton: |
Buenos Aires
Paidós
1996
|
| Preanttus: | 1a. ed |
| Ráidu: | Cuestiones de Educación
|
| Fáttát: | |
| Fáddágilkorat: |
Lasit fáddágilkoriid
Eai fáddágilkorat, Lasit vuosttaš fáddágilkora!
|
MARC
| LEADER | 00000nam a2200000 a 4500 | ||
|---|---|---|---|
| 001 | UCJ2195 | ||
| 003 | CL-VaPUC | ||
| 008 | 061201e19960000AG |||||||||||||||||spa|d | ||
| 020 | |a 950126114X | ||
| 082 | 0 | 4 | |a 371.38 |b ALD |2 21 |
| 100 | 0 | |a Alderoqui, Silvia Susana |e author |9 503114 | |
| 245 | 1 | 0 | |a Museos y escuelas: socios para educar |
| 250 | |a 1a. ed | ||
| 300 | |a 350 p | ||
| 942 | |c BK | ||
| 945 | |d 20061201 00:00:00 |a cmena | ||
| 260 | |a Buenos Aires |b Paidós |c 1996 | ||
| 650 | 0 | |a Métodos de enseñanza |9 270413 | |
| 650 | 0 | |a Museos |9 269209 | |
| 650 | 0 | |a Planificación del currículo |9 269599 | |
| 650 | 0 | |a Visitas guiadas |9 491561 | |
| 583 | |a last modification |c 20190711 11:53:29 |k Rodrigo Vera | ||
| 490 | 0 | |a Cuestiones de Educación | |
| 999 | |c 318545 |d 318543 | ||
| 952 | |0 0 |1 0 |4 0 |6 371_380000000000000_ALD_1996 |7 0 |8 A |9 396390 |a BIBEDU |b BIBEDU |d 2019-11-22 |i 4303822 |o 371.38 ALD 1996 |p 4303822 |r 2019-11-22 |w 2019-11-22 |y BK |k EBA | ||